<?xml version="1.0" encoding="UTF-8"?><?xml-stylesheet type="text/xsl" href="static/style.xsl"?><OAI-PMH xmlns="http://www.openarchives.org/OAI/2.0/" xmlns:xsi="http://www.w3.org/2001/XMLSchema-instance" xsi:schemaLocation="http://www.openarchives.org/OAI/2.0/ http://www.openarchives.org/OAI/2.0/OAI-PMH.xsd"><responseDate>2026-04-17T04:32:27Z</responseDate><request verb="GetRecord" identifier="oai:www.recercat.cat:11351/13112" metadataPrefix="marc">https://recercat.cat/oai/request</request><GetRecord><record><header><identifier>oai:recercat.cat:11351/13112</identifier><datestamp>2025-10-24T08:26:30Z</datestamp><setSpec>com_2072_378064</setSpec><setSpec>com_2072_378040</setSpec><setSpec>col_2072_378075</setSpec></header><metadata><record xmlns="http://www.loc.gov/MARC21/slim" xmlns:dcterms="http://purl.org/dc/terms/" xmlns:xsi="http://www.w3.org/2001/XMLSchema-instance" xmlns:doc="http://www.lyncode.com/xoai" xsi:schemaLocation="http://www.loc.gov/MARC21/slim http://www.loc.gov/standards/marcxml/schema/MARC21slim.xsd">
   <leader>00925njm 22002777a 4500</leader>
   <datafield ind2=" " ind1=" " tag="042">
      <subfield code="a">dc</subfield>
   </datafield>
   <datafield ind2=" " ind1=" " tag="720">
      <subfield code="a">Sanchís-Ramón, María-José</subfield>
      <subfield code="e">author</subfield>
   </datafield>
   <datafield ind2=" " ind1=" " tag="720">
      <subfield code="a">Chilet Rosell, Elisa</subfield>
      <subfield code="e">author</subfield>
   </datafield>
   <datafield ind2=" " ind1=" " tag="720">
      <subfield code="a">Peralta, Andrés</subfield>
      <subfield code="e">author</subfield>
   </datafield>
   <datafield ind2=" " ind1=" " tag="720">
      <subfield code="a">Puig-García, Marta</subfield>
      <subfield code="e">author</subfield>
   </datafield>
   <datafield ind2=" " ind1=" " tag="720">
      <subfield code="a">Rivadeneira, María</subfield>
      <subfield code="e">author</subfield>
   </datafield>
   <datafield ind2=" " ind1=" " tag="720">
      <subfield code="a">Caicedo, Cintia</subfield>
      <subfield code="e">author</subfield>
   </datafield>
   <datafield ind2=" " ind1=" " tag="720">
      <subfield code="a">Ricart, Wifredo</subfield>
      <subfield code="e">author</subfield>
   </datafield>
   <datafield ind2=" " ind1=" " tag="720">
      <subfield code="a">Lopez‐Miras, Ester</subfield>
      <subfield code="e">author</subfield>
   </datafield>
   <datafield ind2=" " ind1=" " tag="260">
      <subfield code="c">2025-05-20T13:09:16Z</subfield>
   </datafield>
   <datafield ind2=" " ind1=" " tag="260">
      <subfield code="c">2025-05-20T13:09:16Z</subfield>
   </datafield>
   <datafield ind2=" " ind1=" " tag="260">
      <subfield code="c">2024-12</subfield>
   </datafield>
   <datafield ind2=" " ind1=" " tag="520">
      <subfield code="a">COVID‐19 pandemic; Diabetes mellitus; Social determinants of health</subfield>
   </datafield>
   <datafield ind2=" " ind1=" " tag="520">
      <subfield code="a">Pandèmia de la covid-19; Diabetis tipus 2; Determinants socials de la salut</subfield>
   </datafield>
   <datafield ind2=" " ind1=" " tag="520">
      <subfield code="a">Pandemia de COVID-19; Diabetes mellitus; Determinantes sociales de la salud</subfield>
   </datafield>
   <datafield ind2=" " ind1=" " tag="520">
      <subfield code="a">We aimed to explore the impact of the COVID-19 pandemic and the resulting restrictions on the emotional state of people with type 2 diabetes mellitus (T2DM) and/or hypertension in Ecuador and Spain. Given the differences in sociopolitical and socioeconomic contexts between these two countries, the research focused on how these diverse environments and their management of social policies and pandemic strategies influenced the emotional well-being of individuals with chronic illnesses.&#xd;
&#xd;
We conducted 36 semi-structured telephone interviews between August and December 2020 with adults diagnosed with T2DM and/or hypertension (19 in Ecuador, 17 in Spain). The interviews were recorded, anonymized and transcribed for thematic analysis. This approach allowed us to systematically identify and analyse themes related to the participants' emotional experiences during the pandemic.&#xd;
&#xd;
The results revealed a significant deterioration in the emotional state of participants, attributable to the stress generated by the health crisis and concerns related to their chronic illnesses. The situation elicited a range of emotions among participants, from boredom and apathy to fear, uncertainty and depression. The study highlighted how the impact on emotional well-being was shaped by the interplay between conjunctural determinants (measures to control COVID-19 infections) and structural factors driving inequalities (social class, gender, ethnicity).&#xd;
&#xd;
We developed a conceptual framework illustrating how measures to control COVID-19 infections directly influenced economic, health and social determinants, which interacted with pre-existing inequalities and had a differential impact on individuals' emotional well-being. This framework can be useful for designing more effective and equitable social policies during future health crises, ensuring they address social needs and safeguard psychological and emotional well-being, particularly among vulnerable groups such as those with chronic illnesses.&#xd;
&#xd;
Thirty-six participants diagnosed with T2DM and/or hypertension (19 in Ecuador, 17 in Spain) contributed to the study by sharing their emotional experiences during the pandemic. Their detailed accounts enriched the research by providing valuable insights into how the pandemic affected their emotional well-being. There was no additional involvement or contribution from the public in the design, conduct, analysis or interpretation of the study, nor in the preparation of the manuscript.</subfield>
   </datafield>
   <datafield ind2=" " ind1=" " tag="520">
      <subfield code="a">This work was supported by the European Research Council (ERC) under the European Union's Horizon 2020 research and innovation programme (Grant number 804761).</subfield>
   </datafield>
   <datafield ind1="8" ind2=" " tag="024">
      <subfield code="a">http://hdl.handle.net/11351/13112</subfield>
   </datafield>
   <datafield tag="653" ind2=" " ind1=" ">
      <subfield code="a">Pandèmia de COVID-19, 2020-</subfield>
   </datafield>
   <datafield tag="653" ind2=" " ind1=" ">
      <subfield code="a">Diabetis no-insulinodependent</subfield>
   </datafield>
   <datafield tag="653" ind2=" " ind1=" ">
      <subfield code="a">Determinants socials de la salut</subfield>
   </datafield>
   <datafield tag="653" ind2=" " ind1=" ">
      <subfield code="a">ORGANISMS::Viruses::RNA Viruses::Nidovirales::Coronaviridae::Coronavirus::Betacoronavirus::SARS Virus</subfield>
   </datafield>
   <datafield tag="653" ind2=" " ind1=" ">
      <subfield code="a">Other subheadings::Other subheadings::Other subheadings::/epidemiology</subfield>
   </datafield>
   <datafield tag="653" ind2=" " ind1=" ">
      <subfield code="a">DISEASES::Nutritional and Metabolic Diseases::Metabolic Diseases::Glucose Metabolism Disorders::Diabetes Mellitus::Diabetes Mellitus, Type 2</subfield>
   </datafield>
   <datafield tag="653" ind2=" " ind1=" ">
      <subfield code="a">Other subheadings::Other subheadings::/psychology</subfield>
   </datafield>
   <datafield tag="653" ind2=" " ind1=" ">
      <subfield code="a">HEALTH CARE::Population Characteristics::Demography::Health Status::Social Determinants of Health</subfield>
   </datafield>
   <datafield tag="653" ind2=" " ind1=" ">
      <subfield code="a">ORGANISMOS::virus::virus ARN::Nidovirales::Coronaviridae::coronavirus::Betacoronavirus::virus del SRAS</subfield>
   </datafield>
   <datafield tag="653" ind2=" " ind1=" ">
      <subfield code="a">Otros calificadores::Otros calificadores::Otros calificadores::/epidemiología</subfield>
   </datafield>
   <datafield tag="653" ind2=" " ind1=" ">
      <subfield code="a">ENFERMEDADES::enfermedades nutricionales y metabólicas::enfermedades metabólicas::trastornos del metabolismo de la glucosa::diabetes mellitus::diabetes mellitus tipo II</subfield>
   </datafield>
   <datafield tag="653" ind2=" " ind1=" ">
      <subfield code="a">Otros calificadores::Otros calificadores::/psicología</subfield>
   </datafield>
   <datafield tag="653" ind2=" " ind1=" ">
      <subfield code="a">ATENCIÓN DE SALUD::Características de la Población::Características de la Población::salud::determinantes sociales de la salud</subfield>
   </datafield>
   <datafield ind2="0" ind1="0" tag="245">
      <subfield code="a">Social Determinants as Mediators of the Emotional State of People With Type 2 Diabetes and/or Hypertension During the COVID-19 Pandemic in Ecuador and Spain</subfield>
   </datafield>
</record></metadata></record></GetRecord></OAI-PMH>